[Event "Gran Canaria-ch Seniors 50"]
[Site "Gran Canaria"]
[Date "2020.02.14"]
[Round "4"]
[White "Monteiro Rodrigues, Carlos"]
[Black "Gonzalez Nocedo, Jaime"]
[Result "0-1"]
[WhiteElo "1453"]
[BlackElo "1514"]
[PlyCount "60"]
[EventDate "2020.02.04"]
[EventType "swiss"]
[EventRounds "7"]
[EventCountry "ESP"]
[SourceTitle "CBM 195 Extra"]
[Source "ChessBase"]
[SourceDate "2020.05.31"]
[SourceVersion "1"]
[SourceVersionDate "2020.05.31"]
[SourceQuality "1"]

1. e4 e5 2. Nf3 Nc6 3. Bc4 Bc5 4. b4 Bxb4 5. c3 Be7 6. d4 exd4 7. Nxd4 Nf6 8. Nxc6 dxc6 9. Qb3 0-0 10. Nd2 b5 11. Be2 Be6 12. Qc2 a6 13. Bb2 c5 14. Nf3 c6 15. Rd1 Qc7 16. c4 Nd7 17. 0-0 f6 18. Rd2 Rad8 19. Bd3 Ne5 20. Bxe5 fxe5 21. Rfd1 b4 22. Be2 Rxd2 23. Rxd2 Rd8 24. Rxd8+ Bxd8 25. Qb2 Bf6 26. h3 h6 27. Qb3 Kh7 28. Bd3 Qd7 29. Qb2 Qxd3 30. Nxe5 Qxe4 0-1

[Event "Gran Canaria Cabildo op"]
[Site "Gran Canaria"]
[Date "2019.03.29"]
[Round "6"]
[White "Guerra Aleman, Marcial"]
[Black "Monteiro Rodrigues, Carlos"]
[Result "0-1"]
[WhiteElo "1630"]
[BlackElo "1394"]
[PlyCount "86"]
[EventDate "2019.03.12"]
[EventType "swiss"]
[EventRounds "7"]
[EventCountry "ESP"]
[SourceTitle "CBM 189 Extra"]
[Source "ChessBase"]
[SourceDate "2019.06.03"]
[SourceVersion "1"]
[SourceVersionDate "2019.06.03"]
[SourceQuality "1"]

1. Nf3 Nf6 2. d4 g6 3. c4 Bg7 4. Nc3 0-0 5. Bg5 d6 6. h3 a6 7. e4 Re8 8. Be2 Nc6 9. Qd2 e5 10. d5 Ne7 11. 0-0 Kh8 12. b4 Nfg8 13. c5 f6 14. Be3 f5 15. Ng5 Rf8 16. cxd6 cxd6 17. Na4 f4 18. Bb6 Qe8 19. Qd1 Bd7 20. Nb2 h6 21. Nf3 Nf6 22. Nd2 Nc8 23. Bc7 b5 24. Qc2 Qe7 25. Nb3 Nh5 26. Bg4 Bxg4 27. hxg4 f3 28. g3 Qg5 29. Kh2 Qxg4 30. Rh1 Nf4 31. Kg1 Ne2+ 32. Kf1 g5 33. Nd1 Ra7 34. Ne3 Qd7 35. Ba5 Ne7 36. Qd3 Rc8 37. Nd1 Rf8 38. Bb6 Raa8 39. Be3 Qg4 40. Nd2 Ng6 41. Nxf3 Nxg3+ 42. fxg3 Qxf3+ 43. Nf2 Qxh1+ 0-1

[Event "Gran Canaria Cabildo op"]
[Site "Gran Canaria"]
[Date "2019.03.12"]
[Round "1"]
[White "Perez Bolanos, Joel"]
[Black "Monteiro Rodrigues, Carlos"]
[Result "0-1"]
[WhiteElo "1842"]
[BlackElo "1394"]
[PlyCount "50"]
[EventDate "2019.03.12"]
[EventType "swiss"]
[EventRounds "7"]
[EventCountry "ESP"]
[SourceTitle "CBM 189 Extra"]
[Source "ChessBase"]
[SourceDate "2019.06.03"]
[SourceVersion "1"]
[SourceVersionDate "2019.06.03"]
[SourceQuality "1"]

1. e4 e5 2. f4 d5 3. exd5 e4 4. d3 Nf6 5. Nc3 Bb4 6. Bd2 e3 7. Bxe3 0-0 8. Bd2 Bxc3 9. Bxc3 Re8+ 10. Ne2 Nxd5 11. Qd2 Ne3 12. Kf2 Nc6 13. Re1 Bg4 14. Ng3 Nd5 15. Rxe8+ Qxe8 16. h3 Nxc3 17. hxg4 Nd5 18. c4 Nf6 19. g5 Ng4+ 20. Kf3 Qe6 21. d4 Re8 22. d5 Nce5+ 23. fxe5 Nxe5+ 24. Kf2 Qb6+ 25. Qe3 Ng4+ 0-1

[Event "Liga Insular Gran Canaria 3a"]
[Site "Las Palmas"]
[Date "2019.03.02"]
[Round "1.3"]
[White "Monteiro Rodrigues, Carlos"]
[Black "Sanchez Garcia, Vicente Giovanni"]
[Result "1-0"]
[WhiteElo "1394"]
[BlackElo "1409"]
[PlyCount "43"]
[EventDate "2019.03.02"]
[EventType "team-tourn"]
[EventRounds "9"]
[EventCountry "ESP"]
[SourceTitle "EXT 2021"]
[Source "ChessBase"]
[SourceDate "2020.10.23"]
[SourceVersion "1"]
[SourceVersionDate "2020.10.23"]
[SourceQuality "1"]
[WhiteTeam "Firgas"]
[BlackTeam "Panaderia Pulido San Mateo V"]
[WhiteTeamCountry "ESP"]
[BlackTeamCountry "ESP"]

1. e4 g6 2. d4 Bg7 3. Nf3 d6 4. Bc4 e6 5. Nc3 b6 6. Be3 Bb7 7. Qd2 e5 8. Bxf7+ Kxf7 9. Ng5+ Ke8 10. d5 c6 11. 0-0-0 Bh6 12. Ne6 Bxe3 13. fxe3 Qe7 14. Rhf1 Nf6 15. Qf2 Ng4 16. Qg3 Nf6 17. Qg5 Rf8 18. Nxf8 Qxf8 19. Rxf6 Qg7 20. Rdf1 Nd7 21. Re6+ Qe7 22. Qxe7# 1-0

[Event "Gran Canaria Santana Memorial 6th"]
[Site "Gran Canaria"]
[Date "2018.12.03"]
[Round "6.13"]
[White "Marrero Rodriguez, Jorge"]
[Black "Monteiro Rodrigues, Carlos"]
[Result "1/2-1/2"]
[WhiteElo "1278"]
[BlackElo "1415"]
[PlyCount "79"]
[EventDate "2018.11.16"]
[EventType "swiss"]
[EventRounds "7"]
[EventCountry "ESP"]
[SourceTitle "EXT 2024"]
[Source "ChessBase"]
[SourceDate "2023.10.10"]
[SourceVersion "1"]
[SourceVersionDate "2023.10.10"]
[SourceQuality "1"]

1. e4 g6 2. d4 Bg7 3. Nc3 d6 4. Bc4 Nf6 5. Qe2 Nc6 6. e5 Nxd4 7. exf6 Nxe2 8. fxg7 Rg8 9. Ngxe2 Rxg7 10. Bh6 Rg8 11. 0-0-0 e6 12. Rhe1 Qh4 13. Be3 Qxc4 14. Bg5 f5 15. Rd4 Qc6 16. Nf4 Kf7 17. Nh3 Qxg2 18. Rh4 h5 19. Bh6 Rh8 20. Rg1 Qc6 21. Be3 Rg8 22. Bh6 e5 23. Ng5+ Ke8 24. Nh7 d5 25. Nxd5 Rh8 26. Nhf6+ Kf7 27. Bg5 Be6 28. Rd1 Rad8 29. c4 b5 30. b3 bxc4 31. Rxc4 Qd6 32. Rxc7+ Qxc7+ 33. Nxc7 Rxd1+ 34. Kxd1 Rd8+ 35. Ke2 Rd4 36. Nb5 Rd8 37. Nxh5 Rd5 38. Nc7 gxh5 39. Nxd5 Bxd5 40. Be3 1/2-1/2

[Event "Las Palmas Montalvo Memorial 11th"]
[Site "Las Palmas"]
[Date "2018.03.25"]
[Round "3"]
[White "Monteiro Rodrigues, Carlos"]
[Black "Marrero Rodriguez, Jorge"]
[Result "1-0"]
[WhiteElo "1368"]
[BlackElo "1168"]
[PlyCount "93"]
[EventDate "2018.03.24"]
[EventType "swiss"]
[EventRounds "9"]
[EventCountry "ESP"]
[SourceTitle "CBM 183 Extra"]
[Source "ChessBase"]
[SourceDate "2018.04.19"]
[SourceVersion "1"]
[SourceVersionDate "2018.04.19"]
[SourceQuality "1"]

1. e4 c5 2. Nf3 d6 3. d4 cxd4 4. Nxd4 Nf6 5. Nc3 g6 6. Be3 Bg7 7. Bc4 0-0 8. f3 Nc6 9. Qd2 Bd7 10. 0-0-0 Rc8 11. Bb3 Ne5 12. Kb1 Nc4 13. Bxc4 Rxc4 14. g4 e5 15. Nb3 a5 16. Qxd6 a4 17. Nd2 Rc6 18. Qb4 Re8 19. h4 Bf8 20. Qxb7 a3 21. Nb3 axb2 22. Kxb2 Qc8 23. Qxc8 Rexc8 24. Rd3 Rxc3 25. Rxc3 Ba3+ 26. Kxa3 Rxc3 27. Re1 Rxc2 28. Bd2 Be6 29. Rd1 Bc4 30. Bb4 Bb5 31. Rd8+ Ne8 32. Rd5 Nc7 33. Rxe5 Ba4 34. Kxa4 Rxa2+ 35. Ba3 Kg7 36. Nd4 Rd2 37. Nb5 Rf2 38. Nd4 Rd2 39. Nb5 Nxb5 40. Rxb5 Rh2 41. h5 gxh5 42. gxh5 Rh3 43. f4 Rh4 44. Rg5+ Kf6 45. Bb2+ Ke7 46. Re5+ Kf6 47. Re8# 1-0